LEADER 01439nam 2200361Ia 450 001 996385794003316 005 20200824124938.0 035 $a(CKB)1000000000609003 035 $a(EEBO)2248550311 035 $a(OCoLC)ocm23956650_22649e 035 $a(OCoLC)23956650_22649 035 $a(EXLCZ)991000000000609003 100 $a19910619d1626 uy 101 0 $alat 135 $aurbn||||a|bb| 200 00$aAnagrammata regia$b[electronic resource] $ein honorem maximi et mansuetissimi regis Caroli conscripta : quibus heroica quĉdam subnectuntur, opusculum regijs nuptijs destinatum, nunc vero? auctoris opera? auctum, & emendatum 210 $aLonDInI [i.e London] $cregIo prIVLegIo eXaratVM [i.e. W. Stansby$d1626] 215 $a[36] p 300 $aAttributed to John Pyne by STC (2nd ed.). 300 $aPublisher and date of publication suggested by STC (2nd ed.). 300 $aSignatures: A⁴(-A1) B-E⁴ (last leaf blank). 300 $aFormerly STC 5020--Cf. STC (2nd ed.). 300 $aThis item can be found at reels 1342:14 and 1839:19. 300 $aReproduction of originals in the British Library and Henry E. Huntington Library and Art Gallery. 330 $aeebo-0018 606 $aAnagrams 615 0$aAnagrams. 701 $aPyne$b John$fd. 1644.$01009640 801 2$bWaOLN 906 $aBOOK 912 $a996385794003316 996 $aAnagrammata regia$92332463 997 $aUNISA LEADER 01952nam 2200469 450 001 9910830599703321 005 20170810091817.0 010 $a1-118-74340-7 010 $a1-118-74336-9 035 $a(CKB)4330000000006958 035 $a(MiAaPQ)EBC4771490 035 $a(DLC) 2016054260 035 $a(OCoLC)964243172 035 $a(EXLCZ)994330000000006958 100 $a20161118d2017 uy| 0 101 0 $aeng 135 $aurcnu|||||||| 181 $2rdacontent 182 $2rdamedia 183 $2rdacarrier 200 00$aBioprocessing for cell based therapies /$fedited by Che J. Connon 210 1$aChichester, UK ;$aHoboken, NJ :$cJohn Wiley & Sons,$d2017. 215 $a1 online resource (240 pages) $ccolor illustrations 311 $a1-118-74339-3 311 $a1-118-74341-5 320 $aIncludes bibliographical references and index. 327 $aBioprocessing for cell based therapies -- Structured methodology for process development in scalable stirred tank bioreactors platforms -- The effect of scale-up on cell phenotype : compatibility testing to optimize bioreactor usage and manufacturing strategies -- The scale-up of human mesenchymal stem cell expansion and recovery -- Challenges of scale-up of cell separation and purification techniques -- Fundamental points to consider in the cryopreservation and shipment of cells for human application -- Short-term storage of cells for application in cell-based therapies -- Cell therapy in practice. 606 $aCell culture 606 $aBiochemical engineering 606 $aCellular therapy 615 0$aCell culture. 615 0$aBiochemical engineering. 615 0$aCellular therapy. 676 $a660.6/3 702 $aConnon$b Che J. 801 0$bMiAaPQ 801 1$bMiAaPQ 801 2$bMiAaPQ 906 $aBOOK 912 $a9910830599703321 996 $aBioprocessing for cell based therapies$94067196 997 $aUNINA